Моделирование резонансных колебаний пролетов нефтепромысловых трубопроводов с помощью пакета ANSYS; Нефтяное хозяйство; № 8
| Parent link: | Нефтяное хозяйство: научно-технический производственный журнал.— , 1925-1940, 1946- № 8.— 2015.— [С. 118-121] |
|---|---|
| Auteur principal: | |
| Collectivité auteur: | |
| Résumé: | Заглавие с экрана The simulations of the spans resonance oscillations piping length from 2 to 8 m and a diameter of from 114 to 530 mm by ANSYS software. It is shown that the difference in the values of the resonance frequencies calculated by the RTM 38.001-94 "Guidelines for the calculation of the strength and vibration of technological steel pipelines", and defined by ANSYS software, increases from 5 to 40% while reducing the span length, and increasing the diameter of the pipeline. This significant difference in the values of the natural frequencies may lead to an unexpected occurrence of vibrations due to the overlap the natural frequencies with the compressor equipment pulsations in the piping design that performs on RTM 38.001-94. Режим доступа: по договору с организацией-держателем ресурса |
| Langue: | russe |
| Publié: |
2015
|
| Sujets: | |
| Accès en ligne: | http://elibrary.ru/item.asp?id=23942135 |
| Format: | MixedMaterials Électronique Chapitre de livre |
| KOHA link: | https://koha.lib.tpu.ru/cgi-bin/koha/opac-detail.pl?biblionumber=645510 |
MARC
| LEADER | 00000nla0a2200000 4500 | ||
|---|---|---|---|
| 001 | 645510 | ||
| 005 | 20250325160215.0 | ||
| 035 | |a (RuTPU)RU\TPU\network\10594 | ||
| 035 | |a RU\TPU\network\10526 | ||
| 090 | |a 645510 | ||
| 100 | |a 20151224d2015 k||y0rusy50 ca | ||
| 101 | 0 | |a rus | |
| 102 | |a RU | ||
| 135 | |a drcn ---uucaa | ||
| 181 | 0 | |a i | |
| 182 | 0 | |a b | |
| 200 | 1 | |a Моделирование резонансных колебаний пролетов нефтепромысловых трубопроводов с помощью пакета ANSYS |d Simulation of the spans resonant oscillations in oilfield pipelines by ANSYS software |f А. А. Хамухин | |
| 203 | |a Текст |c электронный | ||
| 300 | |a Заглавие с экрана | ||
| 320 | |a [Библиогр.: с. 118 (10 назв.)] | ||
| 330 | |a The simulations of the spans resonance oscillations piping length from 2 to 8 m and a diameter of from 114 to 530 mm by ANSYS software. It is shown that the difference in the values of the resonance frequencies calculated by the RTM 38.001-94 "Guidelines for the calculation of the strength and vibration of technological steel pipelines", and defined by ANSYS software, increases from 5 to 40% while reducing the span length, and increasing the diameter of the pipeline. This significant difference in the values of the natural frequencies may lead to an unexpected occurrence of vibrations due to the overlap the natural frequencies with the compressor equipment pulsations in the piping design that performs on RTM 38.001-94. | ||
| 333 | |a Режим доступа: по договору с организацией-держателем ресурса | ||
| 461 | |t Нефтяное хозяйство |o научно-технический производственный журнал |d 1925-1940, 1946- | ||
| 463 | |t № 8 |v [С. 118-121] |d 2015 | ||
| 510 | 1 | |a Simulation of the spans resonant oscillations in oilfield pipelines by ANSYS software |z eng | |
| 610 | 1 | |a труды учёных ТПУ | |
| 610 | 1 | |a электронный ресурс | |
| 610 | 1 | |a резонанс | |
| 610 | 1 | |a вибрация | |
| 610 | 1 | |a трубопроводы | |
| 610 | 1 | |a моделирование | |
| 610 | 1 | |a ANSYS | |
| 700 | 1 | |a Хамухин |b А. А. |c специалист в области информатики и вычислительной техники |c доцент Томского политехнического университета, кандидат технических наук |f 1954- |g Александр Анатольевич |3 (RuTPU)RU\TPU\pers\24263 |9 10734 | |
| 712 | 0 | 2 | |a Национальный исследовательский Томский политехнический университет (ТПУ) |b Институт кибернетики (ИК) |b Кафедра информатики и проектирования систем (ИПС) |3 (RuTPU)RU\TPU\col\18697 |
| 801 | 2 | |a RU |b 63413507 |c 20151224 |g RCR | |
| 856 | 4 | 0 | |u http://elibrary.ru/item.asp?id=23942135 |
| 942 | |c CF | ||